[Event "Ruhrgebiet Regionalliga 1819"]
[Site "Nordrheinwestfalen"]
[Date "2019.03.03"]
[Round "8.8"]
[White "Klasmeier, Hartmut"]
[Black "Heimlich, Oliver"]
[Result "1/2-1/2"]
[WhiteElo "1872"]
[BlackElo "1775"]
[PlyCount "56"]
[EventDate "2018.09.02"]
[EventType "team-tourn"]
[EventRounds "11"]
[EventCountry "GER"]
[SourceTitle "EXT 2022"]
[Source "ChessBase"]
[SourceDate "2021.10.06"]
[SourceVersion "1"]
[SourceVersionDate "2021.10.06"]
[SourceQuality "1"]
[WhiteTeam "Borbeck Weisse Dame"]
[BlackTeam "Eichlinghofen SV"]
[WhiteTeamCountry "GER"]
[BlackTeamCountry "GER"]

1. e4 e5 2. Nf3 d5 3. Nc3 d4 4. Ne2 Bd6 5. Ng3 Ne7 6. Bc4 h6 7. 0-0 Nd7 8. c3 Nb6 9. Bd3 c5 10. cxd4 cxd4 11. Bb5+ Bd7 12. Bxd7+ Qxd7 13. d3 0-0-0 14. a4 Kb8 15. b4 Qe6 16. a5 Nd7 17. Qa4 Rc8 18. Bb2 Nc6 19. Ba3 g6 20. Nd2 h5 21. Nc4 Be7 22. Ne2 f5 23. f3 Nd8 24. Rac1 g5 25. Ng3 f4 26. Nf5 Nf7 27. Nxe7 Qxe7 28. b5 Qe6 1/2-1/2

[Event "Ruhrgebiet VK2 0910"]
[Site "Ruhrgebiet"]
[Date "2009.09.06"]
[Round "1.5"]
[White "Hollstein, Ralf"]
[Black "Heimlich, Oliver"]
[Result "1/2-1/2"]
[WhiteElo "1869"]
[BlackElo "1781"]
[PlyCount "39"]
[EventDate "2009.09.06"]
[EventType "team"]
[EventRounds "9"]
[EventCountry "GER"]
[SourceTitle "EXT 2011"]
[Source "ChessBase"]
[SourceDate "2010.11.26"]
[SourceVersion "1"]
[SourceVersionDate "2010.11.26"]
[SourceQuality "1"]
[WhiteTeam "Bochum SV II"]
[BlackTeam "Eichlinghofen SV II"]
[WhiteTeamCountry "GER"]
[BlackTeamCountry "GER"]

1. d4 Nf6 2. Nf3 d6 3. Bg5 Nbd7 4. Nbd2 c6 5. c3 Qc7 6. e3 h6 7. Bh4 g5 8. Bg3 Nh5 9. Be2 Nxg3 10. hxg3 Bg7 11. Qc2 Nf6 12. Bd3 Bd7 13. Bf5 0-0-0 14. 0-0-0 Kb8 15. Bxd7 Qxd7 16. Qb3 Qe6 17. Qxe6 fxe6 18. e4 Ng4 19. Rhf1 Rhf8 20. Rde1 1/2-1/2

[Event "Dortmund Kleiner Koenig VM-A"]
[Site "Dortmund"]
[Date "2004.03.02"]
[Round "5"]
[White "Heimlich, Oliver"]
[Black "Yanik, Mehmet"]
[Result "0-1"]
[WhiteElo "1763"]
[BlackElo "1965"]
[PlyCount "68"]
[EventDate "2004.01.27"]
[EventType "tourn"]
[EventRounds "13"]
[EventCountry "GER"]
[SourceTitle "EXT 2006"]
[Source "ChessBase"]
[SourceDate "2005.11.24"]
[SourceVersion "1"]
[SourceVersionDate "2005.11.24"]
[SourceQuality "1"]

1. d4 Nf6 2. c4 g6 3. Nc3 Bg7 4. e4 0-0 5. Nf3 d6 6. Be3 c6 7. Be2 Nbd7 8. h3 e5 9. d5 cxd5 10. cxd5 Nh5 11. 0-0 Nf4 12. Rc1 a6 13. Re1 f5 14. Bc4 b5 15. Bb3 b4 16. Bxf4 exf4 17. Na4 fxe4 18. Rxe4 Ne5 19. Nxe5 Bxe5 20. Rxe5 dxe5 21. d6+ Kg7 22. Rc7+ Kh6 23. Qd5 Bxh3 24. Qxe5 Rf5 25. Qg7+ Kg5 26. gxh3 Qxd6 27. Qxh7 Re8 28. Rd7 Re1+ 29. Kh2 Qc6 30. h4+ Kg4 31. f3+ Kxf3 32. Qg8 Re2+ 33. Kg1 Qxd7 34. Qa8+ Kg3 0-1